| 000 | 00755nam a22002417a 4500 | ||
|---|---|---|---|
| 999 |
_c10752 _d10752 |
||
| 003 | AR-CdUCM | ||
| 008 | 190401b ||||| |||| 00| 0 spa d | ||
| 040 |
_aMUNICIPALIDAD PROVINCIAL DEL CUSCO _cBIBLIOTECA MUNICIPAL DEL CUSCO |
||
| 041 | _hhin | ||
| 082 |
_a895.498 / _bT14H / 1948 |
||
| 100 |
_aTagore, Rabindranath _917778 |
||
| 245 |
_aLa hermana mayor : _by otros cuentos / |
||
| 260 |
_aBuenos Aires : _bLosada, _c1948. |
||
| 300 |
_a104 páginas ; _c18 cm. |
||
| 440 |
_aBiblioteca Contemporánea. _927761 |
||
| 505 | _aContenido: Cuentos. | ||
| 650 |
_aLiteratura India _911141 |
||
| 650 |
_aSiglo XX _98 |
||
| 650 |
_aCuentos _9217 |
||
| 700 |
_aCamprubí de Jiménez, Zenobia (traducción) _927762 |
||
| 942 |
_2ddc _cLIBROS |
||
| 945 | _aachl | ||